000 00327nam a2200145Ia 4500
008 221030s9999 xx 000 0 und d
041 _aEnglish
082 _a105.23
_bBer
100 _aM. S. Berde
245 0 _aThyristor Engineering
260 _bKhanna Pub.
_aNew Delhi
_c1995
300 _a712
650 _aEE
942 _cBK
999 _c1491
_d1491